Top 15 beste voetballers aller tijden - Statistieken

Algemene statistieken
  • Deze quiz is 2.486 keer genomen
  • De gemiddelde score is 8 van 15
Antwoordstatistieken
Nummer Antwoord % Correct
2 Ronaldo
99%
6 Ronaldo
99%
5 Messi
98%
1 Pele
90%
12 Maradona
81%
14 Ronaldinho
56%
4 Zidane
54%
7 Cruijff
49%
8 Maldini
35%
13 Beckenbauer
29%
15 Henry
21%
3 Figo
19%
10 Romario
18%
9 Carlos
15%
11 Cafu
13%
Geen overeenkomende quizzen gevonden
Scoreverdeling
Procent van Mensen met Elke Score
Percentiel versus Aantal Correcte Antwoorden
Uw Scoregeschiedenis
U heeft deze quiz nog niet genomen